Catàleg del Col·legi de Periodistes de Catalunya

24 horas de información en prensa, radio y televisión (Registre núm. 54)

000 -CABECERA
Longitud fija campo de control 00389nam a2200145 a 4500
001 - NÚMERO DE CONTROL
Número de control 54
003 - IDENTIFICADOR DEL NÚMERO DE CONTROL
Identificador del número de control CDMR
005 - FECHA Y HORA DE LA ÚLTIMA TRANSACCIÓN
Fecha y hora de la última transacción 20130116135150.0
008 - CÓDIGOS DE INFORMACIÓN DE LONGITUD FIJA
Códigos de información de longitud fija 130130s1969||||||||||||||||||||||||||||d
040 ## - FUENTE DE LA CATALOGACIÓN
Centro catalogador de origen CDMR
Lengua de catalogación cat
Centro transcriptor CDMR
100 1# - PUNTO DE ACCESO PRINCIPAL-NOMBRE DE PERSONA
Nombre de persona Riera Lloveras, Santiago
9 (RLIN) 59
245 10 - MENCIÓN DE TÍTULO
Título 24 horas de información en prensa, radio y televisión
Mención de responsabilidad, etc. Santiago Riera Lloveras
260 ## - PUBLICACIÓN, DISTRIBUCIÓN, ETC. (PIE DE IMPRENTA)
Lugar de publicación, distribución, etc. Barcelona
Fecha de publicación, distribución, etc. 1969
942 ## - ENTRADA DE ELEMENTOS AGREGADOS (KOHA)
Koha [por defecto] tipo de item Tesines
Fons
Suprimido Perdido Estropeado No para préstamo Código de colección Localización permanente Localización actual Fecha adquisición Préstamos totales Signatura completa Código de barras Fecha última consulta Fecha último préstamo Fecha del precio de reemplazo Tipo de item de Koha
        Escoles de Periodisme Centre de Documentació Montserrat Roig Centre de Documentació Montserrat Roig 2013-01-16 1 Tb 80 CDMR13097338 2013-09-19 2013-09-17 2013-01-16 Tesines

Implantat amb Koha